Genshin Impact 5 Star Characters- Sudden Death (6.2) - Statistics

General Stats
  • This quiz has been taken 1,560 times
    327 since last reset
  • The average score is 39 of 64
Answers on the Grid
Answers color-coded by a green-red scale on the quiz's grid according to % correct below.
Chasca
Faruzan
Jean
Kaedehara Kazuha
Lynette
Sayu
Shikanoin Heizou
Sucrose
Venti
Wanderer
Xianyun
Xiao
Charlotte
Aloy
Rosaria
Chongyun
Citlali
Diona
Eula
Freminet
Ganyu
Kaeya
Layla
Mika
Shenhe
Qiqi
Kamisato Ayaka
Alhaitham
Baizhu
Collei
Emilie
Kaveh
Kinich
Kirara
Nahida
Tighnari
Yao Yao
Clorinde
Beidou
Cyno
Dori
Fischl
Lisa
Yumemizuki Mizuki
Raiden Shogun
Keqing
Kuki Shinobu
Ororon
Kujou Sara
Razor
Sethos
Yae Miko
Albedo
Arataki Itto
Chiori
Gorou
Kachina
Navia
Noelle
Ningguang
Yun Jin
Zhongli
Xilonen
Barbara
Candace
Furina
Kamisato Ayato
Mona
Neuvillette
Mualani
Nilou
Sangonomiya Kokomi
Sigewinne
Childe
Xingqiu
Yelan
Amber
Arlecchino
Bennett
Chevreuse
Dehya
Diluc
Gaming
Hu Tao
Klee
Lyney
Mavuika
Thoma
Xinyan
Xiangling
Yanfei
Iansan
Escoffier
Ifa
Varesa
Dahlia
Skirk
Yoimiya
Wriothesley
The Traveler
Lauma
Flins
Aino
Durin
Jahoda
Zibai
Illuga
Linnea
Columbina
Nefer
Ineffa
Varka
Lan Yan
 
Answer Stats
Answer % Correct
Qiqi
69%
Mona
66%
Zhongli
66%
Dehya
65%
Jean
65%
Lauma
65%
Mavuika
65%
Skirk
65%
Kaedehara Kazuha
64%
Yelan
64%
Arlecchino
63%
Baizhu
63%
Diluc
63%
Escoffier
63%
Eula
63%
Flins
63%
Kinich
63%
Klee
63%
Mualani
63%
Navia
63%
Sangonomiya Kokomi
63%
Shenhe
63%
Sigewinne
63%
Wanderer
63%
Xilonen
63%
Zibai
63%
Albedo
62%
Arataki Itto
62%
Chasca
62%
Chiori
62%
Durin
62%
Kamisato Ayaka
62%
Nahida
62%
Nilou
62%
Tighnari
62%
Venti
62%
Yae Miko
62%
Yumemizuki Mizuki
62%
Alhaitham
61%
Cyno
61%
Lyney
61%
Varesa
61%
Varka
61%
Wriothesley
61%
Columbina
60%
Emilie
60%
Furina
60%
Ganyu
60%
Hu Tao
60%
Keqing
60%
Linnea
60%
Neuvillette
60%
Raiden Shogun
60%
Kamisato Ayato
59%
Nefer
59%
Childe
58%
Clorinde
58%
Xiao
58%
Yoimiya
58%
Ineffa
57%
Citlali
56%
The Traveler
55%
Xianyun
55%
Aloy
53%
No matching quizzes found
Score Distribution
Percent of People with Each Score
Percentile by Number Answered
Your Score History
You have not taken this quiz since the last reset